000 00538nam a2200181Ia 4500
008 100920s9999 xx 000 0 und d
082 _b79021
_a24 न 00
100 _aदेसाई शंकर भाऊ.
245 _aअंतराळ.
260 _bमेहता पब्लिशिंग हाऊस,पुणे-30.
_c2000
300 _a162
_bसाधी
365 _b100
520 _aसायो.
630 _aअंतराळ.
650 _aसायो.
730 _aअंतराळ.
942 _cBOOK
999 _c720134
_d720131